Juan Pablo II : (Record no. 109989)
[ view plain ]
| 000 -CABECERA | |
|---|---|
| campo de control de longitud fija | 01018ngm a2200205 a 4500 |
| 005 - FECHA Y HORA DE LA ÚLTIMA TRANSACCIÓN | |
| campo de control | 20210223125614.0 |
| 008 - ELEMENTOS DE LONGITUD FIJA--INFORMACIÓN GENERAL | |
| campo de control de longitud fija | 050309s2003 mx 120 aaspa d |
| 035 ## - NÚMERO DE CONTROL DEL SISTEMA | |
| Número de control de sistema | UPN01000137838 |
| 049 ## - COLECCIÓN | |
| Colección | AV |
| 050 #4 - SIGNATURA TOPOGRÁFICA DE LA BIBLIOTECA DEL CONGRESO | |
| Número de clasificación | DVD BX 22 |
| 245 00 - MENCIÓN DE TÍTULO | |
| Título | Juan Pablo II : |
| Resto del título | el Papa viajero. |
| 260 ## - PUBLICACIÓN, DISTRIBUCIÓN, ETC. | |
| Lugar de publicación, distribución, etc. | [México] : |
| Nombre del editor, distribuidor, etc. | [s.n.], |
| Fecha de publicación, distribución, etc. | c2003. |
| 300 ## - DESCRIPCIÓN FÍSICA | |
| Extensión | 1 DVD (120 min.) : |
| Otras características físicas | son. col. ; |
| Dimensiones | 4 3/4 plg. |
| 500 ## - NOTA GENERAL | |
| Nota general | "El material incluye : 16 capítulos con version doblada al español" |
| 520 ## - NOTA DE RESUMEN, ETC. | |
| Sumario, etc. | Biografía actualizada de Karol Wojtyla. Podremos descubrir la gran influencia de su juventud en Polonia, su relación con los judíos, su triste experiencia en los campos de concentración durante la II Guerra Mundial, su participación en la caida del comunismo, su batalla por la liberación teológica en América Latina y su eterna invitación a la fé |
| 600 04 - ASIENTO SECUNDARIO DE MATERIA - NOMBRE PERSONAL | |
| Nombre de persona | JUAN PABLO |
| Numeración | II, |
| Títulos y otros términos asociados al nombre | PAPA, |
| Fechas asociadas al nombre | 1920-2005 |
| 9 (RLIN) | 16454 |
| 650 #4 - ASIENTO SECUNDARIO DE MATERIA - TERMINO TEMATICO | |
| Término de materia o nombre geográfico como elemento de entrada | PAPAS - |
| Subdivisión de forma | BIOGRAFIA |
| 9 (RLIN) | 211 |
| 650 #4 - ASIENTO SECUNDARIO DE MATERIA - TERMINO TEMATICO | |
| Término de materia o nombre geográfico como elemento de entrada | IGLESIA CATOLICA - |
| Subdivisión general | HISTORIA - |
| Subdivisión cronológica | EPOCA MODERNA |
| 905 ## - TIPO DE MATERIAL | |
| Tipo de material | Electrónico |
| Estado de retiro | Estado de pérdida | Fuente del sistema de clasificación o colocación | Estado dañado | No para préstamo | Código de colección | Localización permanente | Ubicación/localización actual | Ubicación en estantería | Total de préstamos | Clasificación | Código de barras | Fecha visto por última vez | Número de copia | Tipo de ítem Koha |
|---|---|---|---|---|---|---|---|---|---|---|---|---|---|---|
| Library of Congress Classification | Audiovisuales | Bib. Gregorio Torres Quintero | Bib. Gregorio Torres Quintero | Audiovisual | DVD BX 22 | 227877 | 31/12/2020 | 1 | Formato Digital |
